| 000 | 01129nam a22002417a 4500 | ||
|---|---|---|---|
| 999 |
_c64073 _d64073 |
||
| 005 | 20240530110713.0 | ||
| 008 | 180213s2016 ua a f b 000 0 ara d | ||
| 017 |
_a2015/26932 _bمصر. دار الكتب |
||
| 020 | _a9789773223717 | ||
| 040 |
_aEG-CaGPL _cEG-CaGPL |
||
| 082 | 0 | 4 |
_221 _a953.08 / _bق / ع ج |
| 100 | 0 | _aمصطفى وجيه مصطفى ابراهيم | |
| 245 | 1 | 2 |
_aالغذاء فى مصر عصر سلاطين المماليك : _bدراسة فى التاريخ الاجتماعى 648 - 923 هـ / 1250 - 1517 م / _cمصطفى وجيه مصطفى ابراهيم |
| 250 | _aط. 1 | ||
| 260 |
_aالقاهرة : _bعين للدراسات و البحوث الانسانية و الاجتماعية، _c2016. |
||
| 300 |
_a403 ص. : _bايض ؛ _c24 سم. |
||
| 504 | _aيشتمل على ارجاعات ببليوجرافية | ||
| 650 | 0 | 7 |
_2qrmak _aالاغذية _zمصر _xتاريخ |
| 651 | 0 | 7 |
_2qrmak _aمصر _xتاريخ _yعصر المماليك ( 1250 - 1517 م ) |
| 651 | 0 | 7 |
_2qrmak _aمصر _xالاحوال الاجتماعية |
| 942 |
_2ddc _cBK |
||